| 000 | 00768nam a22002417a 4500 | ||
|---|---|---|---|
| 003 | KOHA_MİRAKIL | ||
| 005 | 20260416065058.0 | ||
| 008 | 260415b tu ||||| |||| 00| 0 tur d | ||
| 020 | _a9786058510821 | ||
| 040 |
_aTR-AnABB _btur _cTR-AnABB |
||
| 041 | _atur | ||
| 082 |
_a333.72 _bBAY 2025 |
||
| 100 | 1 | _aBayramoğlu, Turgut | |
| 245 | 1 | 0 |
_aBelirsiz gelecek : _biklim krizi ve ekonomi / _cTurgut Bayramoğlu |
| 246 | _aİklim Krizi ve ekonomi | ||
| 260 |
_aİstanbul : _bİmge Yayınları, _c2025 |
||
| 300 |
_a395 sayfa ; _c20 cm |
||
| 500 | _aYazar tarafından Prof. Dr. Ruşen Keleş için imzalanmıştır. | ||
| 650 | 0 | 4 | _aÇevre ekonomisi |
| 650 | 0 | 4 | _aİklim değişikliği |
| 900 | _bCan ÇELIK | ||
| 942 |
_2ddc _cBK |
||
| 999 |
_c10267 _d10267 |
||